Linear algebra : (رقم التسجيلة. 32228)
[ عرض عادي ]
| 000 -الفاتح | |
|---|---|
| حقل البيانات ثابتة الطول | 01003cam a2200289 a 4500 |
| 001 - رقم الضبط | |
| رقم الضبط | 14775898 |
| 003 - محدد رقم الضبط | |
| رقم الضبط | OSt |
| 005 - وقت وتاريخ اخر تعامل مع التسجيلة | |
| رقم الضبط | 20150408114153.0 |
| 008 - عناصر البيانات ثابتة الطول - معلومات عامة | |
| حقل البيانات ثابتة الطول | 070320s2007 ne a 001 0 eng |
| 010 ## - رقم ضبط مكتبة الكونجرس | |
| رقم ضبط مكتبة الكونجرس | 2007012013 |
| 020 ## - الرقم الدولى المعيارى للكتب | |
| الرقم الدولى المعيارى للكتاب | 9780120887842 (pbk. : acidfree paper) |
| 040 ## - مصدر الفهرسة | |
| وكالة الفهرسة الأصلية | DLC |
| وكالة النسخ | DLC |
| وكالة التعديل | DLC |
| 050 00 - رقم طلب مكتبة الكونجرس | |
| رقم التصنيف | QA184.2 |
| رقم المادة | .B76 2007 |
| 082 00 - رقم تصنيف ديوى العشرى | |
| رقم التصنيف | 512.5 |
| رقم الطبعة | 22 |
| رقم المادة | BRL |
| 100 1# - المدخل الرئيسى - إسم شخصى | |
| الإسم الشخصى | Bronson, Richard. |
| 9 (RLIN) | 36614 |
| 245 10 - بيان العنوان | |
| العنوان | Linear algebra : |
| بقية العنوان | an introduction / |
| بيان المسئوليه,etc | Richard Bronson, Gabriel B. Costa. |
| 250 ## - بيان الطبعة | |
| بيان الطبعة | 2nd ed. |
| 260 ## - PUBLICATION, DISTRIBUTION, ETC. (IMPRINT) | |
| مكان الناشر او الموزع | Amsterdam ; |
| -- | Boston : |
| اسم الناشر او الموزع | Elsevier, |
| تاريخ النشر أو التوزيع | c2007. |
| 300 ## - الوصف المادى | |
| التعداد | xi, 503 p. : |
| تفاصيل ماديه اخرى للوعاء | ill. ; |
| أبعاد الوعاء | 24 cm. |
| 500 ## - تبصرة عامة | |
| تبصرة عامة | Includes index. |
| 650 #0 - المدخل الاضافى بالموضوع-مصطلح موضوعى | |
| مصطلح موضوعي أو اسم جغرافي كعنصر مدخل | Algebras, Linear. |
| 700 1# - المدخل الاضافى - اسم شخصى | |
| الإسم الشخصى | Costa, Gabriel B. |
| 9 (RLIN) | 36616 |
| 856 41 - الوصول و الموقع الالكترونى | |
| مواد محددة | Table of contents only |
| معرف المصدر الموحد | <a href="http://www.loc.gov/catdir/toc/ecip0713/2007012013.html">http://www.loc.gov/catdir/toc/ecip0713/2007012013.html</a> |
| 906 ## - عنصر بيانات محلى F, LDF (RLIN) | |
| a | 7 |
| b | cbc |
| c | orignew |
| d | 1 |
| e | ecip |
| f | 20 |
| g | y-gencatlg |
| 942 ## - عناصر المدخل الإضافي( كوها) | |
| مصدر التصنيف او مخطط الترفيف | Dewey Decimal Classification |
| Koha [default] item type | DVD |
| حالة الفقد | نموذج السعر الفعال | حالة تلف | ليس للاعارة | رقم الطلب | تاريخ الاكتساب | الموقع الحالي | الفرع الرئيسي | Date last seen | نوع المادة فى نظام كوها | مصدر التصنيف او خطة الترفيف | Total Checkouts |
|---|---|---|---|---|---|---|---|---|---|---|---|
| 2013-11-17 | 512.5 BRL | 2013-11-17 | المكتبة المركزية بالمجمعة (CL) | المكتبة المركزية بالمجمعة (CL) | 2013-11-17 | كتاب | Dewey Decimal Classification |
